000 00430nam a2200145Ia 4500
008 211109s9999||||xx |||||||||||||| ||und||
082 _a494.81205
_bJAN-J
100 _aNo Author,
245 0 _aJanayugam
260 _bJanaugam
_aQuilin
_c1900
300 _a296p.
630 _xPOST GRADUATE REFERENCE
650 _aMalayalam language
_vMalayalam grammar
_xAltaic, Uralic, Hyperborean & Dravidian LanguageMalayalam
942 _cBOOK
999 _c44526
_d44526